[Event "FICGS class E 000235 email"]
[Site "FICGS email"]
[Date "2020.09.20"]
[Round "1"]
[White "Gonet, Gerard"]
[Black "Goldmund, Heike"]
[Result "0-1"]
[WhiteElo "1310"]
[BlackElo "1237"]
[PlyCount "64"]
[EventDate "2020.??.??"]
[EventType "tourn (corr)"]
[EventRounds "5"]
[SourceTitle "Corr 2022"]
[Source "ChessBase"]
[SourceDate "2021.10.24"]
[SourceVersion "1"]
[SourceVersionDate "2021.10.24"]
[SourceQuality "1"]

1. d4 Nf6 2. f3 e6 3. e4 b6 4. c4 c5 5. d5 Bb7 6. Nc3 a6 7. Bd3 Qc7 8. f4 e5 9. Nh3 d6 10. 0-0 Nbd7 11. Be3 Be7 12. fxe5 Nxe5 13. Be2 0-0-0 14. Rc1 Rdf8 15. b4 Kb8 16. bxc5 dxc5 17. Rb1 h6 18. Na4 Nfd7 19. Qb3 Ka7 20. Rfd1 f5 21. Bf4 g5 22. Bxe5 Nxe5 23. Nxb6 fxe4 24. Nf2 Rf4 25. g3 Nf3+ 26. Bxf3 Rxf3 27. Qb2 Rhf8 28. Na4 e3 29. Nd3 Bf6 30. Qb3 Bd4 31. Kh1 e2 32. Rg1 Bxg1 0-1

[Event "FICGS class E 000235 email"]
[Site "FICGS email"]
[Date "2020.09.20"]
[Round "1"]
[White "Gonet, Gerard"]
[Black "Myers, Joe"]
[Result "1-0"]
[WhiteElo "1310"]
[BlackElo "1289"]
[PlyCount "27"]
[EventDate "2020.??.??"]
[EventType "tourn (corr)"]
[EventRounds "5"]
[SourceTitle "Corr 2022"]
[Source "ChessBase"]
[SourceDate "2021.10.24"]
[SourceVersion "1"]
[SourceVersionDate "2021.10.24"]
[SourceQuality "1"]

1. d4 d5 2. e4 Nc6 3. Nf3 Nf6 4. e5 Ng4 5. h3 Nh6 6. Bxh6 Bf5 7. Bf4 Nb4 8. Na3 g6 9. c3 Nc6 10. Bb5 Bg7 11. 0-0 0-0 12. Nc2 a6 13. Bxc6 bxc6 14. Rc1 1-0

[Event "FICGS class E 000235 email"]
[Site "FICGS email"]
[Date "2020.09.20"]
[Round "1"]
[White "Gonet, Gerard"]
[Black "Pintor, Manuel Abranches"]
[Result "0-1"]
[WhiteElo "1310"]
[BlackElo "1503"]
[PlyCount "50"]
[EventDate "2020.??.??"]
[EventType "tourn (corr)"]
[EventRounds "5"]
[SourceTitle "Corr 2022"]
[Source "ChessBase"]
[SourceDate "2021.10.24"]
[SourceVersion "1"]
[SourceVersionDate "2021.10.24"]
[SourceQuality "1"]

1. d4 d5 2. e4 dxe4 3. Nc3 Nf6 4. f3 Bf5 5. g4 Bg6 6. h4 h6 7. Bg2 exf3 8. Bxf3 c6 9. Bf4 e6 10. Nb5 cxb5 11. Bxb7 Be4 12. Bxa8 Bxa8 13. Rh2 Nd5 14. Bg3 Nc6 15. Qd3 Qa5+ 16. c3 b4 17. Ne2 bxc3 18. bxc3 Be7 19. a4 0-0 20. Qc4 Ne3 21. Qb3 Nxg4 22. Rg2 Ne3 23. Rf2 Nf5 24. Kd2 Ncxd4 25. Nxd4 Nxg3 0-1

[Event "FICGS class E 000228 email"]
[Site "FICGS email"]
[Date "2019.11.24"]
[Round "1"]
[White "Gonet, Gerard"]
[Black "Zaunercik, Ilmar"]
[Result "0-1"]
[WhiteElo "1270"]
[BlackElo "1661"]
[PlyCount "24"]
[EventDate "2019.??.??"]
[EventType "tourn (corr)"]
[EventRounds "5"]
[SourceTitle "Corr 2022"]
[Source "ChessBase"]
[SourceDate "2021.10.24"]
[SourceVersion "1"]
[SourceVersionDate "2021.10.24"]
[SourceQuality "1"]

1. d4 d5 2. e4 dxe4 3. Nc3 Nf6 4. f3 exf3 5. Qxf3 e6 6. Bf4 Nc6 7. 0-0-0 Be7 8. Nb5 Nd5 9. Bg3 a6 10. Nc3 Nxc3 11. Qxc3 Nb4 12. Bxc7 Nxa2+ 0-1

[Event "FICGS class F 000221 email"]
[Site "FICGS email"]
[Date "2019.11.19"]
[Round "1"]
[White "Gonet, Gerard"]
[Black "King, Kevin"]
[Result "0-1"]
[WhiteElo "1270"]
[BlackElo "969"]
[PlyCount "32"]
[EventDate "2019.??.??"]
[EventType "tourn (corr)"]
[EventRounds "5"]
[SourceTitle "Corr 2022"]
[Source "ChessBase"]
[SourceDate "2021.10.24"]
[SourceVersion "1"]
[SourceVersionDate "2021.10.24"]
[SourceQuality "1"]

1. d4 Nf6 2. f3 d5 3. e4 e6 4. c4 dxe4 5. Nc3 exf3 6. Nxf3 Be7 7. Bd3 c5 8. Be3 Ng4 9. Qe2 Nxe3 10. Qxe3 0-0 11. 0-0 cxd4 12. Nxd4 Bc5 13. Nce2 Nc6 14. Bxh7+ Kxh7 15. Qh3+ Kg8 16. Rf4 e5 0-1

[Event "FICGS class E 000227 email"]
[Site "FICGS email"]
[Date "2019.10.16"]
[Round "1"]
[White "Gonet, Gerard"]
[Black "Goldmund, Heike"]
[Result "1-0"]
[WhiteElo "1222"]
[BlackElo "1247"]
[PlyCount "61"]
[EventDate "2019.??.??"]
[EventType "tourn (corr)"]
[EventRounds "5"]
[SourceTitle "Corr 2022"]
[Source "ChessBase"]
[SourceDate "2021.10.24"]
[SourceVersion "1"]
[SourceVersionDate "2021.10.24"]
[SourceQuality "1"]

1. d4 Nf6 2. f3 d5 3. e4 dxe4 4. Nc3 exf3 5. Qxf3 Qxd4 6. Be3 Qd8 7. Rd1 Nbd7 8. Bf4 e6 9. Nb5 c6 10. Nc7+ Ke7 11. Nxa8 Nd5 12. Bg3 Qa5+ 13. c3 Qxa2 14. Qf2 b6 15. Nc7 Nxc7 16. Bxc7 g6 17. Nf3 Bg7 18. Be2 Qxb2 19. Bd6+ Ke8 20. 0-0 Qxc3 21. Rc1 Qb2 22. Rxc6 Bb7 23. Rc7 Bxf3 24. Qxf3 Qd4+ 25. Kh1 f5 26. Qa8+ Kf7 27. Rxd7+ Kf6 28. Qxa7 Bf8 29. Rf7+ Kg5 30. Bxf8 Qe3 31. Qe7# 1-0

[Event "FICGS class E 000217 email"]
[Site "FICGS email"]
[Date "2018.12.18"]
[Round "1"]
[White "Gonet, Gerard"]
[Black "Pintor, Manuel Abranches"]
[Result "0-1"]
[WhiteElo "1242"]
[BlackElo "1539"]
[PlyCount "40"]
[EventDate "2018.??.??"]
[EventType "tourn (corr)"]
[EventRounds "5"]
[SourceTitle "Corr 2022"]
[Source "ChessBase"]
[SourceDate "2021.10.24"]
[SourceVersion "1"]
[SourceVersionDate "2021.10.24"]
[SourceQuality "1"]

1. d4 d5 2. e4 c6 3. c4 e6 4. Nc3 Bb4 5. Qb3 Bxc3+ 6. Qxc3 h6 7. Be3 Nf6 8. e5 Ne4 9. Qc2 Qa5+ 10. Bd2 Nxd2 11. Qxd2 Qxd2+ 12. Kxd2 g5 13. Be2 Nd7 14. Nf3 c5 15. Rac1 cxd4 16. Nxd4 dxc4 17. Bg4 Nxe5 18. Be2 a6 19. Rhe1 b5 20. Bh5 Nd3 0-1

[Event "FICGS class F 000209 email"]
[Site "FICGS email"]
[Date "2018.11.26"]
[Round "1"]
[White "Valentin, Laurentiu"]
[Black "Gonet, Gerard"]
[Result "0-1"]
[WhiteElo "1109"]
[BlackElo "1242"]
[PlyCount "26"]
[EventDate "2018.??.??"]
[EventType "tourn (corr)"]
[EventRounds "5"]
[SourceTitle "Corr 2022"]
[Source "ChessBase"]
[SourceDate "2021.10.24"]
[SourceVersion "1"]
[SourceVersionDate "2021.10.24"]
[SourceQuality "1"]

1. e4 e5 2. f4 Nc6 3. Nf3 f5 4. Nxe5 Nxe5 5. fxe5 Qh4+ 6. Ke2 Qxe4+ 7. Kf2 Bc5+ 8. d4 Bxd4+ 9. Kg3 Bxe5+ 10. Kh3 f4 11. Bd3 d6+ 12. Kh4 Bf6+ 13. Kh5 g6# 0-1

[Event "FICGS class F 000205 email"]
[Site "FICGS email"]
[Date "2018.08.05"]
[Round "1"]
[White "Gonet, Gerard"]
[Black "Barradas, Anderson"]
[Result "1-0"]
[WhiteElo "1262"]
[BlackElo "1234"]
[PlyCount "81"]
[EventDate "2018.??.??"]
[EventType "tourn (corr)"]
[EventRounds "5"]
[SourceTitle "Corr 2022"]
[Source "ChessBase"]
[SourceDate "2021.10.24"]
[SourceVersion "1"]
[SourceVersionDate "2021.10.24"]
[SourceQuality "1"]

1. d4 Nf6 2. f3 d5 3. e4 dxe4 4. Nc3 exf3 5. Qxf3 Qxd4 6. Be3 Qd6 7. Rd1 Qb4 8. Nge2 Nc6 9. h3 Ne5 10. Qg3 Nfd7 11. Bc1 e6 12. Rd4 Qa5 13. Bd2 Qb6 14. Na4 Qc6 15. Nec3 g6 16. Bb5 Bd6 17. Bxc6 Nxc6 18. Qe3 a6 19. Re4 Nf6 20. Rh4 Bd7 21. Nc5 Bc8 22. 0-0 Be7 23. Ne2 Nd5 24. Qh6 Bxh4 25. Qxh4 f5 26. Bf4 b6 27. Nd3 Nce7 28. c4 Nxf4 29. Qxf4 c5 30. Qd6 b5 31. Qxc5 Bd7 32. Qe5 0-0 33. Nef4 Nc6 34. Qe3 bxc4 35. Ne5 Nxe5 36. Qxe5 Rab8 37. Rd1 Ba4 38. Rd2 Rb5 39. Qxe6+ Kg7 40. Qe7+ Kg8 41. Ne6 1-0

[Event "FICGS class F 000205 email"]
[Site "FICGS email"]
[Date "2018.08.05"]
[Round "1"]
[White "Kehayov, Yulian"]
[Black "Gonet, Gerard"]
[Result "0-1"]
[WhiteElo "1038"]
[BlackElo "1262"]
[PlyCount "138"]
[EventDate "2018.??.??"]
[EventType "tourn (corr)"]
[EventRounds "5"]
[SourceTitle "Corr 2022"]
[Source "ChessBase"]
[SourceDate "2021.10.24"]
[SourceVersion "1"]
[SourceVersionDate "2021.10.24"]
[SourceQuality "1"]

1. e4 e5 2. d4 exd4 3. Qxd4 Nc6 4. Qe3 b6 5. Nc3 Bb7 6. Nf3 Bb4 7. a3 Bc5 8. Qd3 d6 9. Be3 Bxe3 10. Qxe3 Nf6 11. Be2 0-0 12. 0-0 Re8 13. Nd5 Nxd5 14. Qg5 Nf6 15. Bd3 Ne5 16. Nxe5 Rxe5 17. Qf4 Nh5 18. Qf3 Nf6 19. h3 d5 20. exd5 Bxd5 21. Qf4 Qd6 22. Rae1 Rae8 23. c4 Nh5 24. Qd2 Bxc4 25. Rd1 Bxd3 26. Qxd3 Qxd3 27. Rxd3 Nf4 28. Rf3 Ne2+ 29. Kh2 Nd4 30. Rc3 c5 31. f3 Re2 32. b4 Nb5 33. Rd3 Ra2 34. Rfd1 h6 35. Rd8 Rxd8 36. Rxd8+ Kh7 37. bxc5 Rxa3 38. cxb6 axb6 39. Rd5 Nc3 40. Rd3 b5 41. Kg1 b4 42. Kf2 Nd1+ 43. Rxd1 b3 44. Rb1 Ra2+ 45. Kf1 b2 46. Ke2 Kg6 47. Kd2 Kf5 48. Kc3 Kf4 49. Kb3 Ra7 50. Kc2 Re7 51. Kxb2 Re2+ 52. Ka1 Rxg2 53. Rb7 f6 54. Rb4+ Kxf3 55. Kb1 h5 56. Kc1 Rg3 57. Rb7 g5 58. Rf7 Rxh3 59. Rxf6+ Kg3 60. Kd1 Kg2 61. Ke2 Rg3 62. Rf2+ Kh3 63. Kf1 g4 64. Re2 Rc3 65. Re1 g3 66. Kg1 h4 67. Kh1 g2+ 68. Kg1 Rf3 69. Re2 Rf1# 0-1

[Event "FICGS class F 000199 email"]
[Site "FICGS email"]
[Date "2018.04.04"]
[Round "1"]
[White "Gonet, Gerard"]
[Black "Goldmund, Heike"]
[Result "1-0"]
[WhiteElo "1184"]
[BlackElo "1092"]
[PlyCount "83"]
[EventDate "2018.??.??"]
[EventType "tourn (corr)"]
[EventRounds "5"]
[SourceTitle "Corr 2022"]
[Source "ChessBase"]
[SourceDate "2021.10.24"]
[SourceVersion "1"]
[SourceVersionDate "2021.10.24"]
[SourceQuality "1"]

1. d4 Nf6 2. f3 e6 3. e4 c5 4. d5 exd5 5. exd5 b6 6. c4 d6 7. Nc3 Be7 8. Bd3 Nbd7 9. Nge2 Ne5 10. 0-0 Nxd3 11. Qxd3 Ba6 12. Bd2 0-0 13. Rae1 Re8 14. Bg5 h6 15. Bh4 Bb7 16. Ng3 g5 17. Nf5 Bf8 18. Bg3 Nh5 19. Bf2 Nf4 20. Qd2 Qd7 21. Be3 Qxf5 22. Ne2 Nd3 23. Ng3 Qg6 24. Re2 Bg7 25. b3 Ne5 26. f4 Ng4 27. f5 Qf6 28. Kh1 Nxe3 29. Rxe3 Kf8 30. Re6 fxe6 31. fxe6 Qxf1+ 32. Nxf1 Ke7 33. Ng3 Rf8 34. Qd3 Rf2 35. Qh7 Rf7 36. Nf5+ Kf6 37. Nxh6 Bxh6 38. Qxf7+ Ke5 39. e7 Kd4 40. e8Q Rxe8 41. Qxe8 g4 42. Qh8+ 1-0

[Event "FICGS class F 000199 email"]
[Site "FICGS email"]
[Date "2018.04.04"]
[Round "1"]
[White "Tkac, Patrik"]
[Black "Gonet, Gerard"]
[Result "0-1"]
[WhiteElo "1200"]
[BlackElo "1184"]
[PlyCount "58"]
[EventDate "2018.??.??"]
[EventType "tourn (corr)"]
[EventRounds "5"]
[SourceTitle "Corr 2022"]
[Source "ChessBase"]
[SourceDate "2021.10.24"]
[SourceVersion "1"]
[SourceVersionDate "2021.10.24"]
[SourceQuality "1"]

1. h4 e5 2. Rh3 d5 3. Re3 Nc6 4. Nf3 Bd6 5. Nc3 Nf6 6. b3 0-0 7. Ng5 h6 8. Rd3 e4 9. Ncxe4 hxg5 10. hxg5 Nxe4 11. Rxd5 Nb4 12. Rd4 Nxg5 13. a3 Nc6 14. Rd3 Qf6 15. Rb1 Bf5 16. e3 Bxd3 17. cxd3 Rae8 18. g3 Nd4 19. Qg4 Ngf3+ 20. Kd1 Nh2 21. Bh3 Nxg4 22. Bxg4 Qxf2 23. exd4 Re1+ 24. Kc2 Qxd4 25. Bf5 Qc5+ 26. Kb2 Be5+ 27. Ka2 Qc2+ 28. Rb2 Qxc1 29. b4 Qxb2# 0-1

[Event "FICGS class F 000195 email"]
[Site "FICGS email"]
[Date "2018.02.10"]
[Round "1"]
[White "Pintor, Manuel Abranches"]
[Black "Gonet, Gerard"]
[Result "1-0"]
[WhiteElo "1376"]
[BlackElo "1162"]
[PlyCount "51"]
[EventDate "2018.??.??"]
[EventType "tourn (corr)"]
[EventRounds "5"]
[SourceTitle "Corr 2022"]
[Source "ChessBase"]
[SourceDate "2021.10.24"]
[SourceVersion "1"]
[SourceVersionDate "2021.10.24"]
[SourceQuality "1"]

1. e4 e5 2. f4 Nc6 3. Nf3 f5 4. Bc4 fxe4 5. Nxe5 Nxe5 6. fxe5 Qe7 7. Qh5+ g6 8. Qe2 Qxe5 9. d3 Nf6 10. 0-0 Bc5+ 11. Kh1 d5 12. Bb3 Bg4 13. Qe1 0-0-0 14. Nc3 d4 15. Bf4 Qe7 16. Bg5 Rdf8 17. Nxe4 Bf5 18. Bxf6 Rxf6 19. Nxf6 Qxf6 20. Bd5 Qd6 21. Bb3 Kb8 22. Qh4 Qd7 23. Qf6 Rf8 24. Qe5 Re8 25. Qxc5 b6 26. Qd5 1-0

[Event "FICGS class F 000183 email"]
[Site "FICGS email"]
[Date "2016.10.18"]
[Round "1"]
[White "Gonet, Gerard"]
[Black "Kehayov, Yulian"]
[Result "1-0"]
[WhiteElo "1279"]
[BlackElo "1077"]
[PlyCount "55"]
[EventDate "2016.??.??"]
[EventType "tourn (corr)"]
[EventRounds "5"]
[SourceTitle "Corr 2022"]
[Source "ChessBase"]
[SourceDate "2021.10.24"]
[SourceVersion "1"]
[SourceVersionDate "2021.10.24"]
[SourceQuality "1"]

1. d4 d5 2. e4 e5 3. Nc3 dxe4 4. g3 exd4 5. Nxe4 f5 6. Nd2 Nf6 7. Ne2 d3 8. cxd3 Qxd3 9. Bg2 c6 10. 0-0 Bc5 11. Nf4 0-0 12. Nxd3 Na6 13. Nf3 Nb4 14. Nxb4 Bxb4 15. Bd2 Bxd2 16. Qxd2 Be6 17. b3 Ne4 18. Qb4 b5 19. Rad1 Bd5 20. Ne5 a5 21. Qe7 a4 22. Rxd5 cxd5 23. Qe6+ Kh8 24. Qxd5 Rad8 25. Nf7+ Kg8 26. Nh6+ Kh8 27. Qg8+ Rxg8 28. Nf7# 1-0

[Event "FICGS class E 000181 email"]
[Site "FICGS email"]
[Date "2015.09.03"]
[Round "1"]
[White "Gonet, Gerard"]
[Black "Klawitter, Bernd"]
[Result "1-0"]
[WhiteElo "1209"]
[BlackElo "1486"]
[PlyCount "53"]
[EventDate "2015.??.??"]
[EventType "tourn (corr)"]
[EventRounds "5"]
[SourceTitle "Corr 2022"]
[Source "ChessBase"]
[SourceDate "2021.10.24"]
[SourceVersion "1"]
[SourceVersionDate "2021.10.24"]
[SourceQuality "1"]

1. d4 d5 2. e4 dxe4 3. Nc3 Nf6 4. f3 Nc6 5. d5 Ne5 6. fxe4 e6 7. Nf3 Nxf3+ 8. Qxf3 Bb4 9. Bc4 Bxc3+ 10. bxc3 exd5 11. Bb3 dxe4 12. Qf2 0-0 13. 0-0 b6 14. Bg5 Ba6 15. Rfe1 Bb7 16. Rad1 Qe7 17. Rf1 Rad8 18. c4 Rxd1 19. Rxd1 Rd8 20. Rf1 h6 21. Bxf6 gxf6 22. Qg3+ Kh7 23. c3 e3 24. Bc2+ Kh8 25. Qh4 Kg7 26. Qg4+ Kh8 27. Qf5 1-0

[Event "FICGS class F 000161 email"]
[Site "FICGS email"]
[Date "2015.06.20"]
[Round "1"]
[White "Gonet, Gerard"]
[Black "Neil, Charles"]
[Result "1-0"]
[WhiteElo "1128"]
[BlackElo "1068"]
[PlyCount "43"]
[EventDate "2015.??.??"]
[EventType "tourn (corr)"]
[EventRounds "5"]
[SourceTitle "Corr 2022"]
[Source "ChessBase"]
[SourceDate "2021.10.24"]
[SourceVersion "1"]
[SourceVersionDate "2021.10.24"]
[SourceQuality "1"]

1. d4 Nf6 2. f3 c5 3. d5 d6 4. c4 g6 5. Nc3 a6 6. e4 Bg7 7. Bd3 Nbd7 8. Nge2 Ne5 9. 0-0 Nfd7 10. b3 0-0 11. Bc2 Nb6 12. f4 Ned7 13. Bb2 Re8 14. Rb1 Nf8 15. Ng3 Nbd7 16. f5 gxf5 17. Nxf5 Bh8 18. Nh6+ Kg7 19. Qh5 Ne5 20. Rxf7+ Nxf7 21. Qxf7+ Kxh6 22. Bc1# 1-0

[Event "FICGS class F 000159 email"]
[Site "FICGS email"]
[Date "2015.04.27"]
[Round "1"]
[White "Gonet, Gerard"]
[Black "Stoyanov, Zdravko"]
[Result "1-0"]
[WhiteElo "1125"]
[BlackElo "1104"]
[PlyCount "67"]
[EventDate "2015.??.??"]
[EventType "tourn (corr)"]
[EventRounds "5"]
[SourceTitle "Corr 2022"]
[Source "ChessBase"]
[SourceDate "2021.10.24"]
[SourceVersion "1"]
[SourceVersionDate "2021.10.24"]
[SourceQuality "1"]

1. d4 d5 2. e4 dxe4 3. Nc3 e6 4. Nxe4 h6 5. Nf3 b6 6. Be2 Nc6 7. 0-0 Bb7 8. Be3 Bd6 9. Bb5 Nge7 10. d5 exd5 11. Nxd6+ Qxd6 12. Qd2 0-0 13. Bf4 Qf6 14. c3 a6 15. Bxc7 Na5 16. Rfe1 Rfc8 17. Be5 Qg6 18. Bd3 Qc6 19. Bxg7 Kxg7 20. Rxe7 Qf6 21. Rae1 Rd8 22. b4 Nc6 23. Rxb7 b5 24. Bf1 Ne7 25. Rexe7 Rf8 26. Qxd5 Rad8 27. Qe5 Qxe5 28. Nxe5 Kf6 29. f4 Rd2 30. Rec7 Rxa2 31. Nd7+ Ke7 32. Nxf8+ Kxf8 33. Rxf7+ Ke8 34. Rh7 1-0

[Event "FICGS class F 000159 email"]
[Site "FICGS email"]
[Date "2015.04.27"]
[Round "1"]
[White "Kehayov, Yulian"]
[Black "Gonet, Gerard"]
[Result "0-1"]
[WhiteElo "996"]
[BlackElo "1125"]
[PlyCount "56"]
[EventDate "2015.??.??"]
[EventType "tourn (corr)"]
[EventRounds "5"]
[SourceTitle "Corr 2022"]
[Source "ChessBase"]
[SourceDate "2021.10.24"]
[SourceVersion "1"]
[SourceVersionDate "2021.10.24"]
[SourceQuality "1"]

1. e4 e5 2. Nf3 d5 3. exd5 Bd6 4. d3 Nf6 5. c4 c6 6. Nc3 0-0 7. Be2 cxd5 8. Nxd5 Nxd5 9. cxd5 Qa5+ 10. Qd2 Bb4 11. 0-0 Bxd2 12. Bxd2 Qxd5 13. b3 Nc6 14. Rad1 Bg4 15. h3 Bh5 16. g4 Bg6 17. Nh4 Bxd3 18. Bxd3 Qxd3 19. Be3 Qe4 20. Kh2 Rad8 21. Rxd8 Rxd8 22. Kg3 Nd4 23. Bxd4 Rxd4 24. Nf3 Rd3 25. Kg2 Qxf3+ 26. Kg1 Qxh3 27. g5 Qg4+ 28. Kh1 Rh3# 0-1